000 00667nam a2200229 a 4500
001 BRCA_6283
005 20190320205410.0
008 030811s1900----fr-a######---#000-0#fre-#
041 _afre
044 _afr
050 4 _aPQ2615
_b.E7 T72
100 1 _aHermant, Abel
_d1862-1950
_915759
245 1 0 _aLes transatlantiques
_cAbel Hermant; ill. d´après les aquarelles de Hermann-Paul.
260 _aParís
_bArthene Fayard
_c[1900]
300 _a127 p.
_bil.
_c24 cm.
500 _aEstado físico: Encuadernación deteriorada
500 _aK142
650 1 4 _aLiteratura francesa
_915760
700 1 _aHermann, Paul
_eil.
_915761
902 _aGFM
942 _2lcc
_cB
999 _c5970
_d5970